Loading...
| History - American | 1 | 4 | 0 | 1 | 55 | 59 | 103.60 | 1 | 3 | 10.58 | 27.27 |
| History - World | 0 | 5 | 0 | 0 | 50 | 85 | 97.80 | 1 | 1 | 9.97 | 25.00 |
| History - Other | 0 | 3 | 1 | 1 | 25 | 88 | 109.00 | 0 | 2 | 6.87 | 17.50 |
| Geography | 1 | 1 | 0 | 0 | 25 | 67 | 80.50 | 0 | 1 | 37.95 | 68.75 |
| Social Science | 0 | 2 | 0 | 0 | 20 | 84 | 94.00 | 0 | 1 | 4.93 | 12.50 |
| Current Events | 0 | 1 | 0 | 0 | 10 | 92 | 92.00 | 0 | 0 | 22.03 | 37.50 |
| Fine Arts - Other | 0 | 1 | 0 | 0 | 10 | 109 | 109.00 | 0 | 0 | 1.75 | 2.27 |
| Mythology | 0 | 1 | 0 | 0 | 10 | 117 | 117.00 | 0 | 0 | 0.79 | 3.75 |
| Other Academic | 0 | 1 | 0 | 1 | 10 | 126 | 126.00 | 0 | 0 | 0.39 | 12.50 |
| Philosophy | 0 | 1 | 0 | 0 | 10 | 117 | 117.00 | 0 | 0 | 1.33 | 4.55 |
| Science - Biology | 0 | 1 | 0 | 1 | 10 | 118 | 118.00 | 0 | 0 | 0.08 | 1.14 |
| Science - Other | 0 | 1 | 0 | 0 | 10 | 102 | 102.00 | 0 | 0 | 2.87 | 2.27 |
| History - European | 0 | 1 | 3 | 0 | -5 | 88 | 88.00 | 0 | 0 | 1.88 | 4.55 |